| 000 | 01698nam a2200349 a 4500 | ||
|---|---|---|---|
| 999 |
_c174553 _d174553 |
||
| 003 | BLK | ||
| 005 | 20241009005440.0 | ||
| 008 | 180411b bul|||||r ||||||| ||bul|| | ||
| 010 | _aKNG00183042000 | ||
| 040 | _aBLK | ||
| 041 |
_aBUL _cBUL |
||
| 080 |
_aАвстрийска литература _b821.112(436) _x-31 _z821.112(436)-31 |
||
| 080 |
_aОткривателски пътешествия. Експедиции _b910.4 _x(092) _z910.4(092) |
||
| 080 |
_aПортугалски мореплавател _b929 Магелан, Фернандо _z929 Магелан, Фернандо |
||
| 100 | 1 |
_aЦвайг, Стефан _eпърви автор _9366443 |
|
| 139 |
_aЦвайг, Стефан _bЦ 29 |
||
| 245 | 1 | 0 |
_aМагелан _bБиогр. роман _cСтефан Цвайг; прев. от нем. Асен Разцветников |
| 250 | _a4. изд. | ||
| 257 | _aAUT | ||
| 260 |
_aСофия _bГеорги Бакалов _c1979 |
||
| 300 |
_a236 с. _c20 см |
||
| 380 | _aX | ||
| 490 |
_aБиблиотека Океан _v13 _9205245 |
||
| 500 | _aОриг. загл. Der Erdumsegler Magellan.- 1. изд. 1939 със загл. Покорителят на моретата.- В кн. погрешно означено 6. изд. | ||
| 600 | 1 | 4 |
_aМагелан, Фернандо де _9223680 |
| 700 | 1 |
_aРазцветников, Асен _d1897 - 1951 _qКоларов, Асен Петков _eпрев. от нем. _gКоларов, Асен Петков _9114515 |
|
| 852 |
_aЦб 98906 _bЦб |
||
| 856 | 4 |
_qpdf _i0.00 _ldisable |
|
| 942 |
_cKNG _n0 _s1 |
||
| 944 |
_aCR _c01.10.2015 _k _lCRON CRON |
||
| 944 |
_aED _c19.09.2017 _kСевдалина_Василева |
||